Responses for Show #800 - Friday, February 12, 1988

1988 Teen Tournament quarterfinal game 5.

Contestants

[<< previous game]

Gene Hayes, a senior from Douglasville, Georgia

Sascha Dublin, a senior from Del Mar, California

David Graham, a senior from Avon, Connecticut

[next game >>]

Jeopardy! Round responses

DEFINITIONS
GAMES
JACKS OF ALL TRADES
BIRDS
APPLES
FERGIE
    $100 9
soups

Sascha
    $100 7
Ouija

Sascha
    $100 14
Jack Frost

Gene
    $100 2
eagle

David
    $100 1
keeps the doctor away

Gene
    $100 3
Prince Andrew

Sascha
    $200 10
Jesus

David
    $200 8
12

Triple Stumper
    $200 15
Jack London

Sascha
    $200 23
kiwi

David
    $200 4
York

Sascha
    $500 20
(Sascha: Who is Confession?)

Expose

Sascha
    $300 13
China

Gene
    $300 11
Jack Nicklaus

David
    $300 29
[The end-of-round signal sounds.]

poultry

Sascha
    $300 26
half a worm

David
    $300 5
(Gene: What is Sarah Jones?)

Sarah Ferguson

SaschaGene
    $400 19
rainy

Sascha
    $400 22
cards

Sascha
    $400 16
Jack Ruby

Sascha
    $400 28
North America & South America

Gene
    $400 24
(Sascha: Who was Mercury?)
(Alex: We've got less than a minute to go.)

Hercules

Sascha
Triple Stumper
    $400 6
Prince Charles

Gene
    $500 18
knead

Sascha
    $500 21
Yahtzee

Sascha
    $500 17
Jack the Ripper

Sascha
    $500 27
swans

Gene
    $500 12
Peter Stuyvesant

Triple Stumper
    $500 25
umbrellas

Sascha

Scores at the first commercial break (after clue 17):

David Sascha Gene
$600 $1,900 $600

Scores at the end of the Jeopardy! Round:

David Sascha Gene
$1,100 $3,600 $1,500

Double Jeopardy! Round responses

EUROPE
CHEMISTRY
TIME
FICTIONAL HEROINES
THE D.C. SUMMIT
"SH"!
    $200 28
[The end-of-round signal sounds.]

Ireland

Sascha
    $200 1
octane

David
    $200 11
(Sascha: What is cartoon?)

two-reelers

Sascha
Triple Stumper
    $200 12
Lost Horizon

Sascha
    $200 2
Top Gun

Gene
    $200 14
(David: What is sleigh?)

shiny (or shouted)

DavidGene
    $400 24
Belgium

Sascha
    $400 3
half-life

Sascha
    $400 13
chronometer

David
    $400 7
Beth

Sascha
    $400 26
the White House

Sascha
    $600 23
(David: What is Liechtenstein?)
...
(Alex: We've got a minute to go.)

Monaco

David
Triple Stumper
    $600 5
hydrogen

David
    $600 15
estimated time of arrival

Sascha
    $600 8
My Antonia

Sascha
    $600 19
Ronald Reagan

Gene
    $600 16
shot put

David
    $800 25
Liechtenstein

David
    $800 4
(Gene: What is lead?)
(David: What is nickel?)

tin

DavidGene
Triple Stumper
    $1,000 22
orbit the Earth & rotate its axis

David
    $800 9
Mary

Sascha
    $700 20
(Gene: What is the White House?)

name of pen (the one they used in signing the treaty)

Gene
    $800 18
Sherpa

David
    $1000 27
Yugoslavia

Sascha
    $1000 6
sodium (Na)

David
    $1000 10
Hester Prynne

Sascha
    $1000 21
George Bush (George Shultz accepted)

David
    $1000 17
(David: What is schlep?)

shtick

David
Triple Stumper

Scores at the end of the Double Jeopardy! Round:

David Sascha Gene
$4,900 $9,400 $1,000

Final Jeopardy! Round responses

AMERICAN POETRY
(Alex: The line is "and miles to go before I [*]".)
GeneWhat is sleep?
$1,000
DavidWhat is sleep?
$3,100
SaschaWhat is "sleep"?
$3,200
sleep

Final scores:

David Sascha Gene
$8,000 $12,600 $2,000
2nd place: $1,000 if not wild card semifinalist Automatic semifinalist 3rd place: $1,000 if not wild card semifinalist

Game dynamics:

Coryat scores:

David Sascha Gene
$4,700 $9,900 $1,700
14 R
(including 1 DD),
4 W
25 R,
3 W
(including 1 DD)
9 R,
3 W
(including 1 DD)

Combined Coryat: $16,300

[game clues] [game scores] [suggest correction]

Game tape date: 1988-01-04
The J! Archive is created by fans, for fans. Scraping, republication, monetization, and malicious use prohibited; this site may use cookies and collect identifying information. See terms. The Jeopardy! game show and all elements thereof, including but not limited to copyright and trademark thereto, are the property of Jeopardy Productions, Inc. and are protected under law. This website is not affiliated with, sponsored by, or operated by Jeopardy Productions, Inc. Join the discussion at JBoard.tv.